Vergi politikası ön raporu (Record no. 2689)

MARC details
000 -BAŞLIK
Sabit Uzunlukta Kontrol Alanı 01149na a2200361 4500
001 - KONTROL NUMARASI
Denetim Alanı 22769
003 - KONTROL NUMARASI IDENTIFIER
Denetim Alanı MIRAKIL
005 - SON İŞLEM TARİHİ VE ZAMANI
Denetim Alanı 20181213154906.0
008 - SABİT-BOY VERİ ELEMANLARI - GENEL BİLGİLER
Sabit Uzunlukta Kontrol Alanı 170224b tu 000 0
040 ## - KATALOGLAMA KAYNAK
Orijinal Kataloglama Ajansı Milas
Kataloglama Dili tur
Metne Dönüştürmek Ajansı TR-AnCHP
041 ## - DİL KODU
Metin / Ses Parça Veya Ayrı Başlığın Dil Kodu tur
082 ## - DEWEY ONLU SINIFLANDIRMA NUMARASI
Sınıflandırma Numarası CHP 330.9561
Ürün Numarası C36e 1995/12
090 ## - SINIFLAMA NUMARASI
Sınıflama Numarası CHP 330.9561 C36e 1995/12
091 ## - MICROFILM RAF YER (AM) [OBSOLETE]
Mikrofilm Raf Yeri EKONOMİ 1
110 ## - ANA GİRİŞ - KURUMSAL ADI
Giriş Elemanı Olarak Kurumsal Ad Veya Yargı Alanı Adı Cumhuriyet Halk Partisi (CHP)
Alt Birim Araştırma ve Proje Merkezi (APM)
222 ## - ANAHTAR ADI
Anahtar Başlık Ekonomi raporları
245 ## - BAŞLIK TABLOSU
Başlık Vergi politikası ön raporu
Sorumluluk Tablosu, Vb hazırlayan Adnan Başer kafaoğlu
246 ## - UNVAN FORM VARYING
Başlık Doğru / Kısa Başlığı Vergi raporu
260 ## - YAYIN, DAĞITIM, VB
Yayın, Dağıtım, Vb Yeri Ankara
Yayıncı, Dağıtıcı, Vs Adı CHP
Yayın, Dağıtım, Vb Tarihi Aralık 1995
300 ## - FİZİKSEL TANIM
Kapsam 5 yaprak
Boyutlar 30 sm.
440 ## - SERİSİ TABLOSU / KATMA GİRİŞİ - BAŞLIK
Başlık Cumhuriyet Halk Partisi yayınları
Bir İşin Parçası / Bölümün İsmi Raporlar
490 ## - SERİSİ TABLOSU
Seri Beyanı Araştırma ve Proje Merkezi (APM)
610 ## - KONU KATMA GİRİŞ - TOPLANTI ADI
Giriş Elemanı Olarak Kurumsal Ad Veya Yargı Alanı Adı CHP
Genel Alt Bölüm Ekonomi
Kronolojik Alt Bölüm Ön raporlar
610 ## - KONU KATMA GİRİŞ - TOPLANTI ADI
Giriş Elemanı Olarak Kurumsal Ad Veya Yargı Alanı Adı CHP
Genel Alt Bölüm Vergi politikaları
Kronolojik Alt Bölüm Ön raporlar
650 ## - KONU KATMA GİRİŞ - TOPİKAL DÖNEM
Topikal Süreli Veya Coğrafi Ad Giriş Elemanı Vergiler ve vergilendirme
Genel Alt Bölümü Raporlar
Coğrafi Alt Bölümü Türkiye
700 ## - KATMA GİRİŞ - KİŞİSEL İSİM
Kişisel Ad Kafaoğlu, Adanan Başer
740 ## - KATMA GİRİŞ - KONTROLSUZ İLGİLİ / ANALİTİK BAŞLIK
Kontrol Edilmeyen / İlgili Analitik Başlıktaki Ekonomi raporları
830 ## - SERİSİ EKLENDİ GİRİŞ - ÜNİFORM ADI
Üniforma Başlık CHP raporları
942 ## - EKLENDİ GİRİŞ ELEMANLARI (KOHA)
Sınıflandırma Veya Raf Düzeni Kaynak Dewey Decimal Classification
Koha Öğesi Türü Books
999 ## - SİSTEM KONTROL NUMARALARI (KOHA)
Koha Biblionumber 2689
Koha Biblioitemnumber 2689
657 ## - INDEX SÜRE - İŞLEVİ
-- CHP ekonomi raporu
657 ## - INDEX SÜRE - İŞLEVİ
-- CHP vergi ön raporu
Holdings
Kalıcı Konum Mevcut Konum Edinme Tarihi Edinim Kaynak Seri Numaralandırma / Kronolojik Toplam Check-Out'Lar Tam Çağrı Numarası Barkod Tarih Son Görülme İtibaren Geçerli Fiyatlar Koha Öğesi Türü
CHP Kütüphanesi CHP Kütüphanesi 02/24/2017 Bağış c.3   CHP 330.9561 C36e 1995/12 016422 02/24/2017 02/24/2017 Books